[Event "Guernsey op 45th"]
[Site "Vale"]
[Date "2019.10.22"]
[Round "3"]
[White "Bianco, Valerio"]
[Black "Hebden, Mark"]
[Result "0-1"]
[WhiteElo "2088"]
[BlackElo "2427"]
[PlyCount "182"]
[EventDate "2019.10.20"]
[EventType "swiss"]
[EventRounds "7"]
[EventCountry "GCI"]
[SourceTitle "CBM 192 Extra"]
[Source "Chessbase"]
[SourceDate "2019.11.06"]
[SourceVersion "1"]
[SourceVersionDate "2019.11.06"]
[SourceQuality "1"]

1. d4 Nf6 2. c4 g6 3. Nc3 Bg7 4. e4 d6 5. Bd3 0-0 6. Nge2 Nc6 7. 0-0 Nh5 8. Bc2 e5 9. d5 Ne7 10. f4 exf4 11. Nxf4 Nf6 12. h3 Nd7 13. Be3 Kh8 14. Qd2 Ne5 15. b3 Ng8 16. Rad1 Bd7 17. Nfe2 a6 18. a4 Qe8 19. Nd4 Rd8 20. Bg5 Rb8 21. Rf2 h6 22. Be3 Qe7 23. Rdf1 c5 24. dxc6 bxc6 25. Rd1 Rfd8 26. Bf4 Be6 27. Qe3 Rbc8 28. Rfd2 c5 29. Nf3 Nxf3+ 30. Qxf3 Be5 31. Ne2 Kg7 32. Qe3 f6 33. Qf3 Qc7 34. Be3 Ne7 35. Nf4 Bf7 36. Rf1 Nc6 37. Nd5 Bxd5 38. exd5 Nb4 39. Bb1 Re8 40. Qg4 Qf7 41. Rdf2 h5 42. Qf3 Qe7 43. Kh1 Rf8 44. Re2 Rce8 45. Bf4 Qf7 46. Rfe1 Bxf4 47. Qxf4 Re5 48. Re4 a5 49. R1e3 Rfe8 50. Kh2 Na6 51. Rg3 f5 52. Rxe5 Rxe5 53. Qg5 Qf6 54. Qxh5 Re3 55. Qg5 Qxg5 56. Rxg5 Kf6 57. Rg3 Re1 58. Bd3 Nb4 59. Rf3 Ke5 60. h4 Nxd3 61. Rxd3 f4 62. h5 g5 63. h6 Kf6 64. g3 Re2+ 65. Kh3 fxg3 66. Kxg3 Kg6 67. Rf3 Re8 68. h7 Rh8 69. Re3 Rxh7 70. Re6+ Kf5 71. Rxd6 Rb7 72. Rc6 Rxb3+ 73. Kg2 Kf4 74. Rf6+ Ke5 75. Rg6 Kd4 76. Ra6 Kxc4 77. Rxa5 Kxd5 78. Ra8 Ra3 79. a5 Kc6 80. a6 Kb6 81. Rb8+ Kc7 82. Rg8 Rxa6 83. Rxg5 Kb6 84. Kf3 Kb5 85. Ke2 Rd6 86. Rg8 c4 87. Rb8+ Ka4 88. Rb1 Ka3 89. Rb8 c3 90. Ra8+ Kb2 91. Rb8+ Kc1 0-1

[Event "Guernsey op 45th"]
[Site "Vale"]
[Date "2019.10.20"]
[Round "1"]
[White "Bianco, Valerio"]
[Black "Korte, Markus"]
[Result "1-0"]
[WhiteElo "2088"]
[BlackElo "1975"]
[PlyCount "77"]
[EventDate "2019.10.20"]
[EventType "swiss"]
[EventRounds "7"]
[EventCountry "GCI"]
[SourceTitle "CBM 192 Extra"]
[Source "Chessbase"]
[SourceDate "2019.11.06"]
[SourceVersion "1"]
[SourceVersionDate "2019.11.06"]
[SourceQuality "1"]

1. d4 d5 2. c4 dxc4 3. Nf3 Nf6 4. e3 Bg4 5. Bxc4 e6 6. h3 Bh5 7. 0-0 Nbd7 8. Nc3 Bb4 9. Be2 0-0 10. Qb3 Qe7 11. Bd2 Rab8 12. a3 Bxc3 13. Bxc3 Rfc8 14. Qd1 Ne4 15. Nd2 Nxc3 16. bxc3 Bxe2 17. Qxe2 e5 18. Qf3 Re8 19. Rfe1 e4 20. Qf4 Nf6 21. c4 b5 22. Rec1 bxc4 23. Nxc4 Nd5 24. Qf5 Rb5 25. Ne5 Nf6 26. Qf4 Rb7 27. Rc5 Nd7 28. Nxd7 Qxd7 29. Rac1 Qa4 30. Rxc7 Rxc7 31. Rxc7 Rf8 32. Rc3 Qd1+ 33. Kh2 Qb1 34. d5 Qb2 35. Qe5 h6 36. d6 Rd8 37. Qe7 Qb6 38. d7 Qb8+ 39. g3 1-0

[Event "Gibraltar Masters 17th"]
[Site "Caleta"]
[Date "2019.01.31"]
[Round "10"]
[White "Torres, Federico"]
[Black "Bianco, Valerio"]
[Result "1/2-1/2"]
[WhiteElo "2196"]
[BlackElo "2018"]
[PlyCount "150"]
[EventDate "2019.01.22"]
[EventType "swiss"]
[EventRounds "10"]
[EventCountry "GGB"]
[SourceTitle "CBM 188 Extra"]
[Source "ChessBase"]
[SourceDate "2019.02.26"]
[SourceVersion "1"]
[SourceVersionDate "2019.02.26"]
[SourceQuality "1"]

1. e4 c5 2. Nf3 Nc6 3. d3 g6 4. g3 Bg7 5. Bg2 e5 6. 0-0 Nge7 7. c3 0-0 8. a3 d6 9. Nbd2 Be6 10. b4 a6 11. Ng5 Bd7 12. Rb1 h6 13. Ngf3 Be6 14. Qc2 b5 15. bxc5 dxc5 16. Rd1 Rc8 17. Nb3 Na5 18. Nfd2 Nb7 19. Nf1 Qc7 20. Ne3 c4 21. dxc4 bxc4 22. Nd2 Rfd8 23. Bf1 Nd6 24. Qa4 Qa7 25. Ndxc4 Nxe4 26. Nb6 Nxc3 27. Nxc8 Rxc8 28. Qxa6 Qc5 29. Rb5 Nxb5 30. Qxb5 Qxb5 31. Bxb5 Bb3 32. Re1 Rb8 33. a4 Nd5 34. Ng4 Nc3 35. Re3 Bxa4 36. Rxc3 Bxb5 37. Bxh6 Bd7 38. Bxg7 Bxg4 39. Bxe5 Rc8 40. Ra3 Re8 41. Bf6 Bd7 42. f3 Re6 43. Ra8+ Be8 44. g4 Rxf6 45. Rxe8+ Kg7 46. Kg2 g5 47. Rb8 Ra6 48. Rb5 Kg6 49. Rf5 Ra4 50. h4 gxh4 51. Kh3 Ra3 52. Kxh4 f6 53. Kg3 Ra2 54. Rb5 Ra7 55. f4 Rc7 56. Rb6 Kg7 57. Kh4 Ra7 58. Kh5 Ra5+ 59. f5 Ra7 60. g5 fxg5 61. Kxg5 Rc7 62. Rg6+ Kf7 63. Rh6 Rc1 64. Rh7+ Kg8 65. Re7 Rc6 66. Re6 Rc7 67. Kf6 Rf7+ 68. Ke5 Ra7 69. Kf6 Rf7+ 70. Kg5 Ra7 71. Rg6+ Kf7 72. Rh6 Ra1 73. Rh7+ Kg8 74. Rc7 Ra6 75. f6 Ra1 1/2-1/2

[Event "Gibraltar Masters 17th"]
[Site "Caleta"]
[Date "2019.01.29"]
[Round "8"]
[White "Bianco, Valerio"]
[Black "Sidhant, Mohapatra"]
[Result "1/2-1/2"]
[WhiteElo "2018"]
[BlackElo "2344"]
[PlyCount "109"]
[EventDate "2019.01.22"]
[EventType "swiss"]
[EventRounds "10"]
[EventCountry "GGB"]
[SourceTitle "CBM 188 Extra"]
[Source "ChessBase"]
[SourceDate "2019.02.26"]
[SourceVersion "1"]
[SourceVersionDate "2019.02.26"]
[SourceQuality "1"]

1. d4 Nf6 2. c4 e6 3. Nc3 Bb4 4. e3 0-0 5. Bd2 b6 6. Nf3 Bb7 7. Bd3 d6 8. 0-0 Nbd7 9. a3 Bxc3 10. Bxc3 Ne4 11. Bxe4 Bxe4 12. Qe2 f5 13. Nd2 Bb7 14. e4 f4 15. f3 e5 16. dxe5 dxe5 17. Rfd1 Qe7 18. b4 c5 19. b5 Rf6 20. a4 a5 21. bxa6 Rxa6 22. a5 Nb8 23. Nb3 Nc6 24. axb6 Rxb6 25. Na5 Nd4 26. Bxd4 exd4 27. Rdb1 Ba6 28. Qc2 Qd8 29. Nb3 Qc7 30. Nd2 h6 31. h3 Rg6 32. Rxb6 Qxb6 33. e5 Rg5 34. Qe4 Qg6 35. g4 Qxe4 36. Nxe4 Bxc4 37. Nxg5 hxg5 38. Rc1 d3 39. Kf2 Bb3 40. Ke1 c4 41. Kd2 Kf7 42. Ra1 Ke6 43. Ra5 Bc2 44. Rc5 Bb3 45. Rc7 Kxe5 46. Rxg7 Kd4 47. Rd7+ Ke5 48. Re7+ Kf6 49. Re4 Kg6 50. Re5 Ba4 51. Rc5 Bb3 52. h4 gxh4 53. Rh5 Ba4 54. Rxh4 Bc6 55. Rh5 1/2-1/2

[Event "Gibraltar Masters 17th"]
[Site "Caleta"]
[Date "2019.01.24"]
[Round "3"]
[White "Bianco, Valerio"]
[Black "Michenka, Jozef"]
[Result "1/2-1/2"]
[WhiteElo "2018"]
[BlackElo "2280"]
[PlyCount "102"]
[EventDate "2019.01.22"]
[EventType "swiss"]
[EventRounds "10"]
[EventCountry "GGB"]
[SourceTitle "CBM 188 Extra"]
[Source "ChessBase"]
[SourceDate "2019.02.26"]
[SourceVersion "1"]
[SourceVersionDate "2019.02.26"]
[SourceQuality "1"]

1. d4 Nf6 2. c4 e6 3. Nc3 Bb4 4. Bd2 d5 5. e3 0-0 6. Nf3 c5 7. a3 Bxc3 8. Bxc3 Ne4 9. Rc1 Nxc3 10. Rxc3 cxd4 11. Qxd4 Nc6 12. Qd2 dxc4 13. Qxd8 Rxd8 14. Bxc4 Bd7 15. Ke2 Kf8 16. Rd1 Be8 17. Rxd8 Rxd8 18. Bd3 h6 19. b4 Ke7 20. h4 f6 21. b5 Na5 22. Nd2 Bd7 23. Ne4 Rc8 24. Kd2 b6 25. Rxc8 Bxc8 26. Kc3 e5 27. Ng3 Bd7 28. h5 Nb7 29. Kb4 Nd6 30. a4 f5 31. f4 e4 32. Be2 Ne8 33. Kc3 Kd6 34. Kd4 Nf6 35. Bc4 Be6 36. Bxe6 Kxe6 37. Kc3 Nd5+ 38. Kd2 Ne7 39. Ne2 Kd5 40. Nd4 Kc4 41. Nc6 Nc8 42. Kc2 Nd6 43. Nxa7 Kb4 44. Nc6+ Kxa4 45. Nd4 Kb4 46. Kd2 Kc5 47. g3 Kc4 48. Kc2 Kb4 49. Kd2 Nc4+ 50. Ke2 Nd6 51. Kd2 Nc4+ 1/2-1/2

[Event "Douglas IoM op"]
[Site "Douglas"]
[Date "2018.10.26"]
[Round "7"]
[White "Bianco, Valerio"]
[Black "Stefansson, Vignir Vatnar"]
[Result "1/2-1/2"]
[WhiteElo "2008"]
[BlackElo "2291"]
[PlyCount "70"]
[EventDate "2018.10.20"]
[EventType "swiss"]
[EventRounds "9"]
[EventCountry "ENG"]
[SourceTitle "CBM 187"]
[Source "ChessBase"]
[SourceDate "2018.12.11"]
[SourceVersion "1"]
[SourceVersionDate "2018.12.11"]
[SourceQuality "1"]

1. d4 f5 2. Nf3 Nf6 3. Bg5 e6 4. Nbd2 d5 5. e3 Nbd7 6. c4 c6 7. Bd3 Bd6 8. 0-0 0-0 9. cxd5 cxd5 10. Bf4 Qc7 11. Rc1 Qb8 12. Bxd6 Qxd6 13. Qc2 Ne4 14. Qc7 Qb4 15. Rc2 Rf7 16. Bxe4 fxe4 17. Ne5 Nxe5 18. Qxe5 Bd7 19. a3 Qb6 20. f4 Qb5 21. Rfc1 Re8 22. Qh5 Qd3 23. Nf1 Bc6 24. Rc3 Qb5 25. b3 a5 26. Nd2 Ref8 27. h4 Qb6 28. a4 Rf6 29. Qe2 Qb4 30. Nf1 Qe7 31. g3 Rg6 32. Kh2 Rf5 33. R1c2 h5 34. Qe1 Qb4 35. Nd2 Rgf6 1/2-1/2

[Event "Ortisei Server24 op 4th"]
[Site "Ortisei"]
[Date "2018.06.16"]
[Round "1"]
[White "Ruecker, Benjamin"]
[Black "Bianco, Valerio"]
[Result "1-0"]
[WhiteElo "2281"]
[BlackElo "2038"]
[PlyCount "88"]
[EventDate "2018.06.16"]
[EventType "tourn"]
[EventRounds "9"]
[EventCountry "ITA"]
[SourceTitle "CBM 185 Extra"]
[Source "ChessBase"]
[SourceDate "2018.07.29"]
[SourceVersion "1"]
[SourceVersionDate "2018.07.29"]
[SourceQuality "1"]

1. Nf3 Nc6 2. d4 d5 3. g3 Bf5 4. Bg2 Qd7 5. c3 Bh3 6. 0-0 Bxg2 7. Kxg2 0-0-0 8. Nbd2 f6 9. b4 e5 10. b5 Nce7 11. dxe5 Ng6 12. e6 Qxb5 13. Rb1 Qa6 14. Qb3 Bc5 15. e4 N8e7 16. exd5 Nxd5 17. Ne4 Be7 18. c4 Nb4 19. c5 Nc6 20. Be3 Nge5 21. Nxe5 Nxe5 22. Qb5 Qxb5 23. Rxb5 a6 24. Rb3 Rd3 25. Rxd3 Nxd3 26. g4 g6 27. f4 f5 28. gxf5 gxf5 29. Ng3 Rf8 30. Rd1 Nxc5 31. Bxc5 Bxc5 32. Rd5 Bd6 33. Nxf5 Bxf4 34. Ne7+ Kb8 35. Nf5 Re8 36. Ng7 Rg8 37. Kf3 Rxg7 38. Rd8+ Ka7 39. Kxf4 c5 40. Ke5 Rg1 41. e7 Re1+ 42. Kd6 Kb6 43. e8Q Rxe8 44. Rxe8 Kb5 1-0

[Event "Douglas IoM op"]
[Site "Douglas"]
[Date "2017.09.25"]
[Round "3"]
[White "Hemant, Sharma"]
[Black "Bianco, Valerio"]
[Result "1-0"]
[WhiteElo "2342"]
[BlackElo "2086"]
[PlyCount "103"]
[EventDate "2017.09.23"]
[EventType "swiss"]
[EventRounds "9"]
[EventCountry "IOM"]
[SourceTitle "CBM 181"]
[Source "ChessBase"]
[SourceDate "2017.11.10"]
[SourceVersion "1"]
[SourceVersionDate "2017.11.10"]
[SourceQuality "1"]

1. c4 c5 2. Nc3 g6 3. g3 Bg7 4. Bg2 Nc6 5. a3 a6 6. Rb1 Rb8 7. b4 cxb4 8. axb4 b5 9. cxb5 axb5 10. Nf3 Nf6 11. 0-0 0-0 12. d4 d5 13. Ne5 Nxe5 14. dxe5 Ng4 15. Nxd5 Nxe5 16. Bg5 f6 17. Bf4 Be6 18. Rc1 Bxd5 19. Bxd5+ Kh8 20. Qb3 Rc8 21. Rc5 Qb6 22. Be3 Qb8 23. Be6 Rxc5 24. Bxc5 Nc6 25. Qd5 Qc7 26. Qd7 Qxd7 27. Bxd7 Nd4 28. Bxd4 Rd8 29. Rc1 Rxd7 30. Rc8+ Bf8 31. Bxf6+ Kg8 32. Bg5 Kf7 33. Be3 e6 34. Bc5 Bxc5 35. Rxc5 Rb7 36. Kg2 Kf6 37. Kf3 h6 38. Ke4 Rb6 39. f4 g5 40. fxg5+ hxg5 41. Kf3 Rb8 42. Kg4 Rh8 43. h3 Rd8 44. Rxb5 Rd4+ 45. Kh5 e5 46. g4 Rd6 47. Rc5 Rd2 48. Rc6+ Ke7 49. Kxg5 Rxe2 50. h4 e4 51. Kf4 e3 52. Rc3 1-0

[Event "Douglas IoM op"]
[Site "Douglas"]
[Date "2017.09.24"]
[Round "2"]
[White "Bianco, Valerio"]
[Black "Rakesh, Kumar Jena"]
[Result "1/2-1/2"]
[WhiteElo "2086"]
[BlackElo "2418"]
[PlyCount "127"]
[EventDate "2017.09.23"]
[EventType "swiss"]
[EventRounds "9"]
[EventCountry "IOM"]
[SourceTitle "CBM 181"]
[Source "ChessBase"]
[SourceDate "2017.11.10"]
[SourceVersion "1"]
[SourceVersionDate "2017.11.10"]
[SourceQuality "1"]

1. e4 c5 2. Nf3 d6 3. Bb5+ Bd7 4. Bxd7+ Qxd7 5. c4 Nf6 6. Nc3 g6 7. d4 cxd4 8. Nxd4 Bg7 9. f3 0-0 10. 0-0 Nc6 11. Nde2 a6 12. Bg5 Rad8 13. Qd2 Qe6 14. b3 Qe5 15. Rac1 Qa5 16. Rfd1 Nd7 17. Nd5 Qxd2 18. Rxd2 f6 19. Be3 Rc8 20. Nd4 Kf7 21. Rdd1 Nxd4 22. Bxd4 e6 23. Nb6 Nxb6 24. Bxb6 Rc6 25. Be3 Rfc8 26. a4 Ke8 27. a5 Bf8 28. Kf1 Be7 29. Bb6 Bd8 30. Bxd8 Rxd8 31. Ke2 Ke7 32. Rc3 Rc5 33. b4 Rc6 34. Rdc1 f5 35. Ke3 Rf8 36. f4 fxe4 37. Kxe4 Rf5 38. g3 g5 39. fxg5 Rxg5 40. Kf4 Rf5+ 41. Ke3 Rc8 42. g4 Re5+ 43. Kf3 Rf8+ 44. Kg3 Re4 45. Rf3 Rxf3+ 46. Kxf3 Rd4 47. b5 Rd3+ 48. Ke4 Ra3 49. bxa6 bxa6 50. Rb1 Ra4 51. Kd3 h5 52. gxh5 Rxa5 53. Rb7+ Kf6 54. Rb6 Ke5 55. h4 Ra2 56. Kc3 Ra3+ 57. Kb4 Rh3 58. Rxa6 Rxh4 59. Kc3 Rxh5 60. Ra5+ d5 61. cxd5 exd5 62. Kd2 Ke4 63. Ra4+ d4 64. Ra3 1/2-1/2

[Event "Douglas IoM op"]
[Site "Douglas"]
[Date "2016.10.09"]
[Round "9"]
[White "Gaponenko, Inna"]
[Black "Bianco, Valerio"]
[Result "1-0"]
[WhiteElo "2421"]
[BlackElo "2074"]
[PlyCount "201"]
[EventDate "2016.10.01"]
[EventType "swiss"]
[EventRounds "9"]
[EventCountry "IOM"]
[SourceTitle "EXT 2018"]
[Source "ChessBase"]
[SourceDate "2017.10.13"]
[SourceVersion "1"]
[SourceVersionDate "2017.10.13"]
[SourceQuality "1"]

1. e4 Nc6 2. Nf3 d6 3. d4 Nf6 4. Nc3 g6 5. Bb5 a6 6. Bxc6+ bxc6 7. 0-0 Bg7 8. h3 0-0 9. Re1 Nd7 10. Bg5 f6 11. Bh4 e5 12. dxe5 Nxe5 13. Nxe5 dxe5 14. Qxd8 Rxd8 15. Red1 Be6 16. f3 Kf7 17. b3 Bf8 18. Rxd8 Rxd8 19. Rd1 Bc5+ 20. Kf1 Rxd1+ 21. Nxd1 g5 22. Bf2 Bxf2 23. Nxf2 Ke7 24. Ke2 h5 25. Kd2 Kd6 26. Nd3 c5 27. c4 Kc6 28. Nb2 Bd7 29. Nd1 Kd6 30. Ne3 c6 31. Kc3 a5 32. Kb2 Kc7 33. Nd1 Bc8 34. Nf2 h4 35. Nd3 Kb6 36. Kc3 Be6 37. Nb2 Kc7 38. Kd3 Kd6 39. Na4 Bd7 40. Nc3 Be6 41. Ke3 Bc8 42. Kf2 Bd7 43. Nd1 Be6 44. Ne3 Ke7 45. Ke2 Bd7 46. Nd1 Kd6 47. Nc3 Kc7 48. Kf2 Kd6 49. Kg1 Be8 50. g3 hxg3 51. Kg2 Bh5 52. Kxg3 Kc7 53. Na4 Kd6 54. Nb2 Kc7 55. Kg2 Kd7 56. Na4 Kd6 57. Kg3 Bf7 58. h4 gxh4+ 59. Kxh4 Be6 60. Nb2 Bf7 61. Kg4 Be6+ 62. Kh5 Bh3 63. Na4 Bg2 64. Kg4 Bf1 65. Nc3 Ke7 66. Na4 Kd6 67. Kf5 Bg2 68. Kxf6 Bxf3 69. Nc3 Bg2 70. Kf5 Bh3+ 71. Kg5 Bf1 72. Kg4 Ke6 73. Kg3 Kd6 74. Kf3 Bd3 75. Kg4 Bf1 76. Na4 Bg2 77. Kf5 Bh3+ 78. Kf6 Bg2 79. Nc3 Bf3 80. Kf5 Bh5 81. Na4 Bf7 82. Nb2 Bg8 83. Kg6 Be6 84. Kf6 Bh3 85. Nd3 Bg2 86. Nf2 Bf3 87. Kf5 Bg2 88. Nd1 Bh3+ 89. Kg5 Ke6 90. Ne3 Ke7 91. Nd1 Be6 92. Nf2 a4 93. Nd3 axb3 94. axb3 Kd6 95. Kf6 Bg4 96. Nxe5 Bd1 97. Nf7+ Kc7 98. e5 Bg4 99. e6 Bh3 100. Ne5 Kd8 101. Kf7 1-0

[Event "Douglas IoM op"]
[Site "Douglas"]
[Date "2016.10.06"]
[Round "6"]
[White "Grant, Jonathan"]
[Black "Bianco, Valerio"]
[Result "1/2-1/2"]
[WhiteElo "2223"]
[BlackElo "2074"]
[PlyCount "100"]
[EventDate "2016.10.01"]
[EventType "swiss"]
[EventRounds "9"]
[EventCountry "IOM"]
[SourceTitle "EXT 2017"]
[Source "ChessBase"]
[SourceDate "2016.10.25"]
[SourceVersion "1"]
[SourceVersionDate "2016.10.25"]
[SourceQuality "1"]

1. c4 g6 2. Nc3 Bg7 3. g3 c5 4. Bg2 Nc6 5. e4 a6 6. Nge2 Rb8 7. a4 Nf6 8. 0-0 0-0 9. d3 d6 10. h3 Ne8 11. Be3 e5 12. f4 exf4 13. Bxf4 Nc7 14. Qd2 Ne6 15. Bh6 Ned4 16. Nxd4 Nxd4 17. Bxg7 Kxg7 18. Nd5 f6 19. Ra2 a5 20. Qd1 Be6 21. Nf4 Qd7 22. b3 Ra8 23. Kh2 Qc7 24. Ne2 Qb6 25. Nxd4 cxd4 26. Rb2 Qb4 27. Qe1 Qxe1 28. Rxe1 Bd7 29. b4 axb4 30. Rxb4 Bc6 31. Ra1 Ra7 32. Bf3 Rfa8 33. Bd1 Ra5 34. Rb2 R8a7 35. g4 Rc5 36. Raa2 Rca5 37. Kg3 Kf7 38. Rb4 Ke6 39. Kf4 Re5 40. Rbb2 Ra8 41. Kg3 Ke7 42. Rf2 Rg8 43. Kh2 Rf8 44. Rae2 Ra8 45. Ra2 Rea5 46. Rfb2 Ke6 47. Kg3 Ke5 48. Rb4 h6 49. Rab2 Rh8 50. Rf2 Rha8 1/2-1/2

[Event "Douglas IoM op"]
[Site "Douglas"]
[Date "2016.10.03"]
[Round "3"]
[White "Zozulia, Anna"]
[Black "Bianco, Valerio"]
[Result "1-0"]
[WhiteElo "2303"]
[BlackElo "2074"]
[PlyCount "77"]
[EventDate "2016.10.01"]
[EventType "swiss"]
[EventRounds "9"]
[EventCountry "IOM"]
[SourceTitle "EXT 2017"]
[Source "ChessBase"]
[SourceDate "2016.10.25"]
[SourceVersion "1"]
[SourceVersionDate "2016.10.25"]
[SourceQuality "1"]

1. e4 g6 2. d4 Bg7 3. Nc3 d6 4. f4 a6 5. Nf3 b5 6. Be3 Nd7 7. Qd2 Bb7 8. d5 Ngf6 9. a3 c5 10. dxc6 Bxc6 11. Bd3 0-0 12. Qe2 Bb7 13. 0-0 Rc8 14. Rad1 Qc7 15. Kh1 Qb8 16. Nd2 Qa8 17. Bd4 e5 18. fxe5 Nxe5 19. Nf3 Nc6 20. Bxf6 Bxf6 21. Nd5 Bd8 22. c4 Na7 23. cxb5 Nxb5 24. a4 Bxd5 25. axb5 Bb3 26. Ra1 a5 27. Nd4 Be6 28. Nxe6 fxe6 29. Bc4 Rc7 30. Bxe6+ Kg7 31. Rxf8 Kxf8 32. Qf2+ Kg7 33. Rf1 Kh6 34. Bd5 Qc8 35. b6 Rc2 36. Qf8+ Kh5 37. b7 Qg4 38. e5 Bc7 39. Bf3 1-0

[Event "Douglas IoM op"]
[Site "Douglas"]
[Date "2016.10.02"]
[Round "2"]
[White "Bianco, Valerio"]
[Black "Osmanodja, Filiz"]
[Result "1/2-1/2"]
[WhiteElo "2074"]
[BlackElo "2299"]
[PlyCount "78"]
[EventDate "2016.10.01"]
[EventType "swiss"]
[EventRounds "9"]
[EventCountry "IOM"]
[SourceTitle "EXT 2017"]
[Source "ChessBase"]
[SourceDate "2016.10.25"]
[SourceVersion "1"]
[SourceVersionDate "2016.10.25"]
[SourceQuality "1"]

1. Nf3 Nf6 2. g3 d5 3. Bg2 Bg4 4. c4 c6 5. cxd5 cxd5 6. Qb3 Bxf3 7. Bxf3 Qd7 8. Nc3 e6 9. d4 Nc6 10. Qd1 Bb4 11. 0-0 0-0 12. Qd3 e5 13. dxe5 Nxe5 14. Qd4 Nxf3+ 15. exf3 Bxc3 16. bxc3 Qf5 17. Kg2 Rfc8 18. Be3 h5 19. h4 Rc4 20. Qd2 Ne8 21. Rfd1 Nc7 22. Qd3 Qe6 23. Rab1 Qc6 24. Bd4 Ne6 25. Qf5 Rd8 26. Qxh5 Nxd4 27. Rxd4 Rxc3 28. Qg5 f6 29. Qg6 Rc4 30. Rbd1 Rxd4 31. Rxd4 Qc5 32. Rg4 Qe7 33. h5 d4 34. h6 d3 35. hxg7 d2 36. Qh6 Qe8 37. Qh8+ Kf7 38. Qh5+ Kg8 39. Qh8+ Kf7 1/2-1/2

[Event "Groningen op-A 53rd"]
[Site "Groningen"]
[Date "2015.12.28"]
[Round "7"]
[White "Bianco, Valerio"]
[Black "Pajeken, Jakob Leon"]
[Result "1-0"]
[WhiteElo "2035"]
[BlackElo "2101"]
[PlyCount "79"]
[EventDate "2015.12.21"]
[EventType "swiss"]
[EventRounds "9"]
[EventCountry "NED"]
[SourceTitle "CBM 170 Extra"]
[Source "ChessBase"]
[SourceDate "2016.02.25"]
[SourceVersion "1"]
[SourceVersionDate "2016.02.25"]
[SourceQuality "1"]

1. d4 d5 2. Nf3 Nf6 3. c4 dxc4 4. e3 e6 5. Bxc4 c5 6. Qe2 cxd4 7. exd4 Nc6 8. 0-0 Be7 9. Nc3 0-0 10. Rd1 Na5 11. Bd3 b6 12. Rb1 Bb7 13. b4 Nc6 14. a3 Rc8 15. Bb2 Qc7 16. Rbc1 Qf4 17. Bc4 Nb8 18. Ne5 Nbd7 19. Nxd7 Nxd7 20. Ba6 Qb8 21. Bxb7 Qxb7 22. d5 e5 23. Ne4 f5 24. d6 Bh4 25. Ng3 f4 26. Qe4 Qxe4 27. Nxe4 Kf7 28. g3 fxg3 29. hxg3 Bf6 30. Rc7 Ke6 31. Rdc1 Rxc7 32. Rxc7 Ra8 33. Kg2 a5 34. b5 Rd8 35. f3 Rf8 36. a4 Rd8 37. Ba3 g6 38. Kf2 Bg7 39. Ng5+ Kd5 40. Nf7 1-0

[Event "Bratto op 34th"]
[Site "Bratto"]
[Date "2014.08.23"]
[Round "2"]
[White "Cattaneo, Marco"]
[Black "Bianco, Valerio"]
[Result "1-0"]
[WhiteElo "2151"]
[BlackElo "2058"]
[PlyCount "107"]
[EventDate "2014.08.22"]
[EventType "swiss"]
[EventRounds "9"]
[EventCountry "ITA"]
[SourceTitle "EXT 2016"]
[Source "ChessBase"]
[SourceDate "2015.10.08"]
[SourceVersion "1"]
[SourceVersionDate "2015.10.08"]
[SourceQuality "1"]

1. d4 d5 2. c4 c6 3. Nc3 Nf6 4. Nf3 e6 5. Bg5 h6 6. Bxf6 Qxf6 7. e3 Nd7 8. Bd3 Qd8 9. 0-0 Bd6 10. e4 dxe4 11. Nxe4 Bc7 12. Qe2 0-0 13. Rad1 Re8 14. Rfe1 Ba5 15. Nc3 Bxc3 16. bxc3 Nf6 17. Ne5 Qe7 18. f4 c5 19. g4 g6 20. Qf2 cxd4 21. cxd4 Qd8 22. Bc2 Bd7 23. Qh4 Kg7 24. g5 Ng8 25. gxh6+ Nxh6 26. Qxh6+ Kxh6 27. Nxf7+ Kg7 28. Nxd8 Raxd8 29. Re5 Rf8 30. Rg5 Rxf4 31. Rxg6+ Kf7 32. Rg3 Bc6 33. d5 exd5 34. cxd5 Bb5 35. Bb3 Kf6 36. Re1 Re8 37. Rxe8 Bxe8 38. Kg2 Rd4 39. Rf3+ Ke5 40. Re3+ Re4 41. Rxe4+ Kxe4 42. Kg3 b5 43. h4 Ke5 44. Kg4 a5 45. a3 Bg6 46. h5 Bh7 47. Kg5 Bb1 48. h6 b4 49. a4 Bh7 50. Kg4 Bf5+ 51. Kf3 Bh7 52. Ke3 Kd6 53. Kd4 Bg6 54. Kc4 1-0

[Event "Hastings Masters op 89th"]
[Site "Hastings"]
[Date "2014.01.02"]
[Round "6"]
[White "Othman, Mustapha"]
[Black "Bianco, Valerio"]
[Result "1-0"]
[WhiteElo "1914"]
[BlackElo "2151"]
[PlyCount "109"]
[EventDate "2013.12.28"]
[EventType "swiss"]
[EventRounds "9"]
[EventCountry "ENG"]
[SourceTitle "CBM 158 Extra"]
[Source "ChessBase"]
[SourceDate "2014.02.28"]
[SourceVersion "1"]
[SourceVersionDate "2014.02.28"]
[SourceQuality "1"]

1. e4 c5 2. Nf3 d6 3. d4 cxd4 4. Nxd4 Nf6 5. Nc3 Nc6 6. Bg5 e6 7. Qd2 Be7 8. 0-0-0 Nxd4 9. Qxd4 0-0 10. f4 Qa5 11. Bc4 h6 12. Bh4 e5 13. Qd3 exf4 14. Bxf6 Bxf6 15. Nd5 Be5 16. Rdf1 Be6 17. Nxf4 Bxc4 18. Qxc4 Rac8 19. Qb3 Rc5 20. Nd3 Rc7 21. Rf3 Rfc8 22. Nb4 Rc4 23. a3 Bf6 24. Kb1 Qe5 25. Re1 Qe6 26. Nd5 Be5 27. Re2 b6 28. Ref2 Bd4 29. Re2 Be5 30. Ref2 Bd4 31. Re2 Be5 32. h3 R8c5 33. g4 Kh7 34. Ka2 b5 35. c3 a5 36. Kb1 a4 37. Qa2 Rc6 38. Ref2 Rxe4 39. Rxf7 Qg6 40. R2f5 Re1+ 41. Kc2 Qe6 42. Re7 Qc8 43. Kd2 Re4 44. Qb1 Rcc4 45. Rfxe5 dxe5 46. Nf6+ Kg6 47. Nxe4 Qd8+ 48. Nd6+ Kf6 49. Rf7+ Ke6 50. Qg6+ Kd5 51. Qd3+ Ke6 52. Nxc4 Qxd3+ 53. Kxd3 bxc4+ 54. Kxc4 Kxf7 55. Kd5 1-0

[Event "ITA-ch sf 73rd"]
[Site "Civitanova Marche"]
[Date "2013.07.28"]
[Round "9"]
[White "Bianco, Valerio"]
[Black "Sbarra, Marco"]
[Result "0-1"]
[WhiteElo "2141"]
[BlackElo "2260"]
[PlyCount "72"]
[EventDate "2013.07.20"]
[EventType "swiss"]
[EventRounds "9"]
[EventCountry "ITA"]
[SourceTitle "EXT 2015"]
[Source "ChessBase"]
[SourceDate "2014.11.20"]
[SourceVersion "1"]
[SourceVersionDate "2014.11.20"]
[SourceQuality "1"]

1. d4 Nf6 2. c4 e6 3. Nc3 Bb4 4. e3 0-0 5. Nge2 d5 6. a3 Bd6 7. Ng3 Nbd7 8. cxd5 exd5 9. Nf5 Nb6 10. Bd3 Re8 11. Nxd6 Qxd6 12. Qc2 c6 13. f3 Nc4 14. Nd1 Be6 15. 0-0 Rac8 16. e4 dxe4 17. Bxc4 Qxd4+ 18. Ne3 exf3 19. gxf3 Bh3 20. Rd1 Qf4 21. Nf1 Qxf3 22. Ng3 Rcd8 23. Bg5 Rxd1+ 24. Rxd1 Nd5 25. Bd3 h5 26. Be4 Qg4 27. Bh7+ Kh8 28. Bf5 Qxg5 29. Bxh3 h4 30. Qf5 Qe3+ 31. Kh1 hxg3 32. Qxf7 Qe2 33. Rd2 Qe1+ 34. Bf1 Re5 35. Rg2 Ne3 36. Rg1 Qf2 0-1